[Event "Olomouc Chess Summer 2024 - B1"]
[Site "Olomouc (CZE), Hotel Flora"]
[Date "2024.08.17"]
[Round "9"]
[Board "1"]
[White "Valenta, Vit Vaclav"]
[Black "Bokhnak, Timofey"]
[Result "0-1"]
[WhiteElo "2005"]
[BlackElo "2273"]
[PlyCount "78"]
[EventDate "2024.08.10"]
[EventRounds "9"]
[EventCountry "CZE"]

1. e4 c5 2. Ne2 Nc6 3. Nbc3 g6 4. g3 Bg7 5. Bg2 d6 6. d3 e6 7. O-O Nge7 8. Bf4 O-O
9. Qd2 Re8 10. Bh6 Bh8 11. Rab1 Rb8 12. Be3 Nd4 13. Nd1 Nxe2+ 14. Qxe2 b5 15. a3
a5 16. c3 Nc6 17. f4 b4 18. axb4 axb4 19. e5 Qd7 20. exd6 Qxd6 21. Nf2 f5 22. Rbc1
bxc3 23. bxc3 Bb7 24. Rfd1 Ba8 25. Qa2 Rb5 26. Qa6 Reb8 27. d4 Ra5 28. Qc4 cxd4 29.
Bxc6 Rc5 30. Qf1 Qxc6 31. Bxd4 Bxd4 32. cxd4 Rxc1 33. Rxc1 Qf3 34. Rd1 Rb3 35. Rc1
Bb7 36. Rd1 h5 37. Rd3 Rxd3 38. Nxd3 Qh1+ 39. Kf2 Qxh2+  0-1

[Event "Olomouc Chess Summer 2024 - B1"]
[Site "Olomouc (CZE), Hotel Flora"]
[Date "2024.08.17"]
[Round "9"]
[Board "3"]
[White "Ernst, Robert"]
[Black "Sluka, Radek"]
[Result "1-0"]
[WhiteElo "2241"]
[BlackElo "2314"]
[PlyCount "103"]
[EventDate "2024.08.10"]
[EventRounds "9"]
[EventCountry "CZE"]

1. d4 Nf6 2. c4 c5 3. d5 b5 4. cxb5 a6 5. f3 e6 6. e4 exd5 7. e5 Qe7 8. Qe2 Ng8 9.
Nc3 Bb7 10. Nh3 c4 11. Nf4 Qc5 12. Nfxd5 Bxd5 13. Be3 Qb4 14. a3 Qa5 15. Bd2 Be6
16. Nd5 Qd8 17. Qxc4 Be7 18. Rc1 axb5 19. Nc7+ Kf8 20. Qxb5 Nc6 21. Nxa8 Qxa8 22.
Bd3 Bh4+ 23. g3 Bd8 24. Be4 Nge7 25. Bb4 Kg8 26. O-O h5 27. Rfd1 h4 28. g4 h3 29.
Kh1 Ng6 30. Rd6 Bg5 31. Rcd1 Qe8 32. Bc3 Be7 33. R6d2 Qc8 34. a4 Qc7 35. a5 Kh7 36.
a6 Rb8 37. Qf1 Kg8 38. Qxh3 Bb4 39. f4 Bxc3 40. bxc3 Nxf4 41. Qh7+ Kf8 42. Qh8+ Ke7
43. Qxg7 Ng6 44. Bxg6 Nxe5 45. Be4 Nxg4 46. Qd4 Rb6 47. Ra1 Qa7 48. Rb2 Rxb2 49.
Qxa7 Nf2+ 50. Qxf2 Rxf2 51. a7 f5 52. Bb7  1-0

[Event "Olomouc Chess Summer 2024 - B1"]
[Site "Olomouc (CZE), Hotel Flora"]
[Date "2024.08.17"]
[Round "9"]
[Board "4"]
[White "Flasik, Radoslav"]
[Black "Ivanov, Mike"]
[Result "0-1"]
[WhiteElo "2093"]
[BlackElo "2364"]
[PlyCount "60"]
[EventDate "2024.08.10"]
[EventRounds "9"]
[EventCountry "CZE"]

1. d4 Nf6 2. c4 c5 3. e3 g6 4. Nf3 Bg7 5. Nc3 O-O 6. Be2 d6 7. O-O Bf5 8. b3 Nc6
9. Bb2 Ne4 10. Nxe4 Bxe4 11. Qd2 e5 12. dxc5 dxc5 13. Rfd1 h6 14. Bc3 Re8 15. Qb2
Qe7 16. a3 a5 17. Nd2 Bf5 18. Bf3 Nd4 19. Ne4 Nxf3+ 20. gxf3 Bxe4 21. fxe4 Qg5+ 22.
Kf1 Qg4 23. Qe2 Qxe4 24. f3 Qh4 25. a4 e4 26. Bxg7 Kxg7 27. Rd5 Qf6 28. Rb1 Rad8
29. Qb2 Rxd5 30. cxd5 Re5  0-1

[Event "Olomouc Chess Summer 2024 - B1"]
[Site "Olomouc (CZE), Hotel Flora"]
[Date "2024.08.17"]
[Round "9"]
[Board "5"]
[White "Prokofiev, Valentyn"]
[Black "Fizer, Marek"]
[Result "0-1"]
[WhiteElo "2381"]
[BlackElo "2262"]
[PlyCount "54"]
[EventDate "2024.08.10"]
[EventRounds "9"]
[EventCountry "CZE"]

1. c4 Nf6 2. Nc3 g6 3. Nf3 Bg7 4. g3 O-O 5. Bg2 c5 6. O-O Nc6 7. d4 cxd4 8. Nxd4
Nxd4 9. Qxd4 d6 10. Qd3 Qa5 11. h3 a6 12. Bd2 Rb8 13. a4 Bd7 14. b3 Bc6 15. e4 Nd7
16. b4 Ne5 17. Qb1 Qc7 18. b5 Nxc4 19. bxc6 Nxd2 20. Qd3 Bxc3 21. Rac1 Nxf1 22. Rxc3
Nxg3 23. e5 Nh5 24. Rc4 bxc6 25. Rh4 dxe5 26. Rxh5 gxh5 27. Qf5 Qd6  0-1

[Event "Olomouc Chess Summer 2024 - B2"]
[Site "Olomouc (CZE), Hotel Flora"]
[Date "2024.08.10"]
[Round "1"]
[Board "1"]
[White "Zavurka, Roman"]
[Black "Jurek, Josef"]
[Result "0-1"]
[WhiteElo "2191"]
[BlackElo "2191"]
[PlyCount "68"]
[EventDate "2024.08.10"]
[EventRounds "9"]
[EventCountry "CZE"]

1. d4 Nf6 2. Nf3 e6 3. e3 b6 4. Bd3 Bb7 5. Nbd2 c5 6. c3 Nc6 7. O-O d5 8. Qe2 Qc7
9. a3 Be7 10. b4 O-O 11. b5 Nb8 12. Bb2 c4 13. Bc2 Nbd7 14. a4 a6 15. e4 dxe4 16.
Nxe4 Nxe4 17. Bxe4 Bxe4 18. Qxe4 Nf6 19. Qe2 Bd6 20. Ne5 Bxe5 21. dxe5 Nd5 22. g3
axb5 23. axb5 Qc5 24. Rfb1 Qxb5 25. Qd2 Qc5 26. Qc1 Qc6 27. Ba3 Rfc8 28. Bd6 h6 29.
Qc2 Rxa1 30. Rxa1 Ra8 31. Qb2 Ra4 32. Rd1 Qa8 33. Rd4 Ra1+ 34. Kg2 Nf4#  0-1

[Event "Olomouc Chess Summer 2024 - B2"]
[Site "Olomouc (CZE), Hotel Flora"]
[Date "2024.08.10"]
[Round "1"]
[Board "2"]
[White "Schernthaner, David"]
[Black "Dukic, Zachary"]
[Result "1/2-1/2"]
[WhiteElo "2331"]
[BlackElo "2244"]
[PlyCount "111"]
[EventDate "2024.08.10"]
[EventRounds "9"]
[EventCountry "CZE"]

1. e4 d6 2. d4 Nf6 3. Nc3 e5 4. Nf3 Nbd7 5. a4 Be7 6. Bc4 O-O 7. O-O c6 8. Re1 h6
9. h3 Re8 10. dxe5 dxe5 11. g4 Nh7 12. Ne2 Bf8 13. Ng3 g6 14. Be3 Qf6 15. Kg2 Nc5
16. Qc1 Be6 17. Be2 Qg7 18. Kh2 Kh8 19. a5 Nf6 20. Nd2 b5 21. axb6 axb6 22. Rxa8
Rxa8 23. Bc4 Nfxe4 24. Ngxe4 Nxe4 25. Bxe6 Nxd2 26. Qxd2 fxe6 27. Bxb6 Rb8 28. Be3
Rxb2 29. Qc3 Bb4 30. Qxb2 Bxe1 31. Qa1 Bb4 32. Qa8+ Kh7 33. Qxc6 Qe7 34. c4 Bc3 35.
Qe4 Qd7 36. h4 Bd4 37. h5 Kh8 38. hxg6 Kg7 39. c5 Bxe3 40. Qxe5+ Kxg6 41. Qxe3 Qd5
42. f3 Kf7 43. Kg3 h5 44. g5 e5 45. Kh4 Qd4+ 46. Qxd4 exd4 47. c6 d3 48. c7 d2 49.
c8=Q d1=Q 50. Qf5+ Kg8 51. Qe6+ Kg7 52. Qf6+ Kg8 53. g6 Qd7 54. Qe5 Qc6 55. Qf5 Qf6+
56. Qxf6  1/2-1/2

[Event "Olomouc Chess Summer 2024 - B2"]
[Site "Olomouc (CZE), Hotel Flora"]
[Date "2024.08.10"]
[Round "1"]
[Board "3"]
[White "Biolek, Richard"]
[Black "Ptacnikova, Lenka"]
[Result "1-0"]
[WhiteElo "2347"]
[BlackElo "2086"]
[PlyCount "85"]
[EventDate "2024.08.10"]
[EventRounds "9"]
[EventCountry "CZE"]

1. d4 Nf6 2. Nf3 e6 3. Bg5 c5 4. e3 b6 5. d5 exd5 6. Nc3 Be7 7. Nxd5 Nxd5 8. Qxd5
Nc6 9. Bc4 O-O 10. Bxe7 Qxe7 11. O-O-O Rb8 12. Bb5 Nb4 13. Qe5 Qxe5 14. Nxe5 Nxa2+
15. Kb1 Nb4 16. Nxd7 Bxd7 17. Rxd7 a6 18. Be2 b5 19. Rhd1 Nc6 20. R7d6 Rbc8 21. Bf3
Ne5 22. Bb7 Rb8 23. Bxa6 Ng4 24. R1d2 Nxh2 25. Rc6 c4 26. Rc5 Rb6 27. Bxb5 c3 28.
bxc3 f5 29. Kc1 h5 30. Rdd5 Rbf6 31. Kd1 h4 32. Ke2 Ng4 33. Rd4 f4 34. Bc4+ Kh7 35.
Rh5+ Nh6 36. Rxh4 fxe3 37. f3 Kg6 38. Rd7 Kg5 39. Rh3 Nf5 40. g4 Nd6 41. Rxg7+ Kf4
42. Bd3 Re6 43. Ra7  1-0

[Event "Olomouc Chess Summer 2024 - B2"]
[Site "Olomouc (CZE), Hotel Flora"]
[Date "2024.08.10"]
[Round "1"]
[Board "4"]
[White "Plischki, Sebastian"]
[Black "Ihnat, Marek"]
[Result "1/2-1/2"]
[WhiteElo "2325"]
[BlackElo "2097"]
[PlyCount "93"]
[EventDate "2024.08.10"]
[EventRounds "9"]
[EventCountry "CZE"]

1. d4 Nf6 2. Bg5 d5 3. e3 Bf5 4. Bxf6 gxf6 5. c4 c6 6. Nc3 Qb6 7. Qd2 e6 8. Nf3 Nd7
9. Be2 Bg4 10. cxd5 cxd5 11. O-O Bxf3 12. Bxf3 f5 13. Rac1 Bd6 14. Be2 a6 15. a3
Qd8 16. Bd3 Qh4 17. f4 O-O 18. Na4 Rac8 19. b4 Kh8 20. Nc5 Bxc5 21. bxc5 Qe7 22.
Bc2 b6 23. Ba4 bxc5 24. Bxd7 Qxd7 25. dxc5 f6 26. Qd4 Qe7 27. Rc3 Rc6 28. h3 Rfc8
29. Rfc1 Kg7 30. Kh2 Kf7 31. a4 R8c7 32. g4 fxg4 33. hxg4 f5 34. Kg3 fxg4 35. Qh8
Kg6 36. Kxg4 Qf6 37. Qe8+ Qf7 38. Qxf7+ Rxf7 39. Rh1 Rfc7 40. Rc2 Rxc5 41. Rch2 Rg7
42. Kf3 Ra5 43. Rh6+ Kf7 44. Rb1 Rxa4 45. Rb7+ Kg8 46. Rb8+ Kf7 47. Rb7+  1/2-1/2

[Event "Olomouc Chess Summer 2024 - B2"]
[Site "Olomouc (CZE), Hotel Flora"]
[Date "2024.08.10"]
[Round "1"]
[Board "5"]
[White "Delgerdalai, Bayarjavkhlan"]
[Black "Leitgeb, Julian"]
[Result "1-0"]
[WhiteElo "2278"]
[BlackElo "2313"]
[PlyCount "67"]
[EventDate "2024.08.10"]
[EventRounds "9"]
[EventCountry "CZE"]

1. e4 c5 2. Nf3 d6 3. d4 cxd4 4. Nxd4 Nf6 5. Nc3 a6 6. Bc4 e6 7. Be3 b5 8. Bb3 Bb7
9. f3 Nbd7 10. a3 Rc8 11. Qe2 Ne5 12. O-O-O Rxc3 13. bxc3 d5 14. Kb2 Qa5 15. Ra1
dxe4 16. f4 Ned7 17. Bd2 Bc5 18. Rhd1 O-O 19. Be1 Qb6 20. a4 b4 21. a5 bxc3+ 22.
Bxc3 Qc7 23. Ra4 Rc8 24. Nxe6 Ba3+ 25. Rxa3 Qxc3+ 26. Ka2 Qb4 27. Ng5 Rc5 28. Bxf7+
Kh8 29. Rb1 Qd4 30. Rxb7 Nd5 31. Ne6 Nc3+ 32. Rxc3 Qd5+ 33. Rcb3 Rxa5+ 34. Kb2  1-0

[Event "Olomouc Chess Summer 2024 - B2"]
[Site "Olomouc (CZE), Hotel Flora"]
[Date "2024.08.11"]
[Round "2"]
[Board "1"]
[White "Jurek, Josef"]
[Black "Leitgeb, Julian"]
[Result "1/2-1/2"]
[WhiteElo "2191"]
[BlackElo "2313"]
[PlyCount "39"]
[EventDate "2024.08.10"]
[EventRounds "9"]
[EventCountry "CZE"]

1. d4 Nf6 2. c4 e6 3. Nf3 d5 4. Bg5 dxc4 5. Qa4+ Nbd7 6. Nc3 Be7 7. e3 O-O 8. Qxc4
a6 9. Be2 b5 10. Qb3 c5 11. O-O Bb7 12. Rfd1 h6 13. Bh4 Qb8 14. a3 Qa7 15. Rac1 Rac8
16. Qa2 Qa8 17. dxc5 Nxc5 18. b4 Nce4 19. Nxe4 Bxe4 20. Qb2  1/2-1/2

[Event "Olomouc Chess Summer 2024 - B2"]
[Site "Olomouc (CZE), Hotel Flora"]
[Date "2024.08.11"]
[Round "2"]
[Board "2"]
[White "Ihnat, Marek"]
[Black "Delgerdalai, Bayarjavkhlan"]
[Result "1-0"]
[WhiteElo "2097"]
[BlackElo "2278"]
[PlyCount "79"]
[EventDate "2024.08.10"]
[EventRounds "9"]
[EventCountry "CZE"]

1. e4 c5 2. Nf3 e6 3. d4 cxd4 4. Nxd4 Nc6 5. Nc3 Nf6 6. Ndb5 d6 7. Bf4 e5 8. Bg5
a6 9. Na3 b5 10. Nd5 Be7 11. Bxf6 Bxf6 12. c3 Bg5 13. Nc2 Rb8 14. a4 bxa4 15. Ncb4
Nxb4 16. Nxb4 Bd7 17. Qxd6 Be7 18. Qxe5 O-O 19. Nd5 Bc5 20. Bd3 Rxb2 21. O-O Re8
22. Qh5 h6 23. Kh1 Qg5 24. Qf3 Qe5 25. Qd1 Rxf2 26. Rxf2 Bxf2 27. Qf3 Bc5 28. Rf1
Rf8 29. Bxa6 f5 30. Bc4 Kh8 31. Nf4 Qf6 32. e5 Qg5 33. Qd5 Be3 34. Qd6 Rc8 35. Ng6+
Kh7 36. Nf8+ Kh8 37. Nxd7 Rxc4 38. Qb8+ Kh7 39. Nf8+ Kg8 40. Ne6+  1-0

[Event "Olomouc Chess Summer 2024 - B2"]
[Site "Olomouc (CZE), Hotel Flora"]
[Date "2024.08.11"]
[Round "2"]
[Board "3"]
[White "Ptacnikova, Lenka"]
[Black "Plischki, Sebastian"]
[Result "0-1"]
[WhiteElo "2086"]
[BlackElo "2325"]
[PlyCount "90"]
[EventDate "2024.08.10"]
[EventRounds "9"]
[EventCountry "CZE"]

1. c4 e5 2. g3 c6 3. d4 Bb4+ 4. Bd2 Bxd2+ 5. Qxd2 d6 6. dxe5 dxe5 7. Qxd8+ Kxd8 8.
Nc3 Be6 9. b3 Nd7 10. Bg2 Nh6 11. Nf3 f6 12. Ne4 Kc7 13. O-O-O Nf7 14. Rd2 Rhd8 15.
Rhd1 a5 16. Kb2 h6 17. Ne1 Nf8 18. Rxd8 Rxd8 19. Rxd8 Nxd8 20. Nc5 Bf5 21. Be4 Bxe4
22. Nxe4 f5 23. Nc3 Nfe6 24. Nf3 Nf7 25. Nh4 Nd6 26. Ng6 e4 27. Kc2 Kd7 28. Na4 Nd4+
29. Kd2 Ke6 30. Nf4+ Kf6 31. Kc3 Ne6 32. Nxe6 Kxe6 33. Kd4 g5 34. Kc5 f4 35. gxf4
gxf4 36. Kb6 Ke5 37. Kc5 f3 38. exf3 exf3 39. Kb6 Ne4 40. Kxb7 Nxf2 41. Nb2 c5 42.
Kb6 Kd4 43. Kxa5 Ne4 44. Nd1 Kd3 45. b4 Kd2  0-1

[Event "Olomouc Chess Summer 2024 - B2"]
[Site "Olomouc (CZE), Hotel Flora"]
[Date "2024.08.11"]
[Round "2"]
[Board "4"]
[White "Dukic, Zachary"]
[Black "Biolek, Richard"]
[Result "1/2-1/2"]
[WhiteElo "2244"]
[BlackElo "2347"]
[PlyCount "61"]
[EventDate "2024.08.10"]
[EventRounds "9"]
[EventCountry "CZE"]

1. e4 e5 2. Nf3 Nc6 3. Bb5 Nf6 4. O-O Nxe4 5. Re1 Nd6 6. a4 Be7 7. Nc3 O-O 8. d4
e4 9. Nxe4 Nxe4 10. Rxe4 d5 11. Re1 Bg4 12. c3 Bh5 13. h3 a6 14. Bxc6 Bxf3 15. Qxf3
bxc6 16. a5 Bd6 17. Qd3 Qf6 18. c4 c5 19. Be3 cxd4 20. Bxd4 dxc4 21. Qxc4 Qf4 22.
g3 Qf5 23. Kg2 Rab8 24. Bc3 Rb5 25. Rad1 h5 26. h4 Kh7 27. Qc6 Qc8 28. Qe4+ Qf5 29.
Qc6 Qc8 30. Qe4+ Qf5 31. Qc6  1/2-1/2

[Event "Olomouc Chess Summer 2024 - B2"]
[Site "Olomouc (CZE), Hotel Flora"]
[Date "2024.08.11"]
[Round "2"]
[Board "5"]
[White "Zavurka, Roman"]
[Black "Schernthaner, David"]
[Result "0-1"]
[WhiteElo "2191"]
[BlackElo "2331"]
[PlyCount "106"]
[EventDate "2024.08.10"]
[EventRounds "9"]
[EventCountry "CZE"]

1. d4 Nf6 2. Bf4 c5 3. e3 Qb6 4. Nc3 d6 5. Bb5+ Bd7 6. a4 a6 7. a5 Qc7 8. Bxd7+ Nbxd7
9. Nf3 g6 10. O-O Bg7 11. h3 O-O 12. Bh2 Rfe8 13. Ne2 Qc6 14. c3 e5 15. Qa4 Bf8 16.
Qxc6 bxc6 17. dxe5 Nxe5 18. Bxe5 dxe5 19. Nd2 Rad8 20. Nc4 Ne4 21. Rfd1 Nd6 22. Nb6
Nb7 23. g4 Rxd1+ 24. Rxd1 Nxa5 25. Nd7 Kg7 26. Ra1 Nc4 27. Rxa6 Rd8 28. Ra7 Bd6 29.
Ng3 Bb8 30. Rb7 Nd6 31. Rxb8 Rxd7 32. Rb6 Rc7 33. b3 Kf6 34. Kg2 Ke6 35. f4 e4 36.
c4 f5 37. Ne2 Kd7 38. Kg3 Ra7 39. Rb8 Nc8 40. Nc3 Kc7 41. Rxc8+ Kxc8 42. Na4 Kc7
43. gxf5 gxf5 44. Kh4 Kd6 45. Kg5 Rf7 46. h4 Rf8 47. h5 Rf7 48. h6 Rf8 49. Nc3 Ke6
50. Na4 Rg8+ 51. Kh4 Kd6 52. Kh3 Rg6 53. Kh4 Rxh6+  0-1

[Event "Olomouc Chess Summer 2024 - B2"]
[Site "Olomouc (CZE), Hotel Flora"]
[Date "2024.08.11"]
[Round "3"]
[Board "1"]
[White "Schernthaner, David"]
[Black "Jurek, Josef"]
[Result "1/2-1/2"]
[WhiteElo "2331"]
[BlackElo "2191"]
[PlyCount "35"]
[EventDate "2024.08.10"]
[EventRounds "9"]
[EventCountry "CZE"]

1. e4 e6 2. d4 d5 3. Nc3 Nf6 4. e5 Nfd7 5. f4 c5 6. Nf3 Nc6 7. Be3 a6 8. Ne2 Be7
9. Qd2 O-O 10. h4 f6 11. c3 b5 12. h5 h6 13. Kf2 fxe5 14. fxe5 Ndxe5 15. dxe5 Nxe5
16. Nf4 Nxf3 17. gxf3 d4 18. cxd4  1/2-1/2

[Event "Olomouc Chess Summer 2024 - B2"]
[Site "Olomouc (CZE), Hotel Flora"]
[Date "2024.08.11"]
[Round "3"]
[Board "2"]
[White "Biolek, Richard"]
[Black "Zavurka, Roman"]
[Result "1/2-1/2"]
[WhiteElo "2347"]
[BlackElo "2191"]
[PlyCount "109"]
[EventDate "2024.08.10"]
[EventRounds "9"]
[EventCountry "CZE"]

1. d4 d6 2. c4 e5 3. d5 Nf6 4. Nc3 Be7 5. e4 Nbd7 6. Bd3 Nc5 7. Bc2 a5 8. h3 O-O
9. Be3 b6 10. g4 h6 11. Qe2 Nh7 12. Nf3 Ng5 13. Nd2 Nh7 14. O-O-O Bg5 15. Nf1 Bd7
16. Kb1 Qe7 17. Bxg5 Qxg5 18. Ne3 Rfe8 19. h4 Qf4 20. Rdg1 g6 21. Rg3 Qf6 22. Qf1
Qg7 23. b3 Kh8 24. a3 Reb8 25. Kb2 Qf8 26. Qe2 Qe7 27. Qd2 b5 28. cxb5 Bxb5 29. Ka2
Ba6 30. Ned1 Kg7 31. Nb2 Nf8 32. Ncd1 Nfd7 33. Ne3 Kh7 34. g5 h5 35. Nec4 Bxc4 36.
Nxc4 Nb7 37. Re1 Nb6 38. Nxb6 cxb6 39. Bd3 Nc5 40. Bb5 Ra7 41. f4 a4 42. bxa4 exf4
43. Qxf4 Nd7 44. Rc3 Ne5 45. Rec1 Rbb7 46. Qf2 Ng4 47. Qd4 Ne5 48. Rc8 f6 49. Re8
Qg7 50. Bc6 Re7 51. Rxe7 Rxe7 52. Rf1 fxg5 53. hxg5 Rf7 54. Rb1 Qf8 55. Rxb6  1/2-1/2

[Event "Olomouc Chess Summer 2024 - B2"]
[Site "Olomouc (CZE), Hotel Flora"]
[Date "2024.08.11"]
[Round "3"]
[Board "3"]
[White "Plischki, Sebastian"]
[Black "Dukic, Zachary"]
[Result "1/2-1/2"]
[WhiteElo "2325"]
[BlackElo "2244"]
[PlyCount "88"]
[EventDate "2024.08.10"]
[EventRounds "9"]
[EventCountry "CZE"]

1. d4 d6 2. c4 e5 3. Nc3 exd4 4. Qxd4 Nc6 5. Qd2 Nf6 6. b3 a5 7. Bb2 a4 8. Rc1 axb3
9. axb3 Be6 10. e4 b5 11. Nf3 b4 12. Nd5 Nxe4 13. Qe3 Nc5 14. Be2 Ra2 15. Rc2 Kd7
16. O-O Qa8 17. Rd2 Qa5 18. Rfd1 Rg8 19. Ng5 Be7 20. Ne4 Nxe4 21. Qxe4 g6 22. Nxe7
Nxe7 23. Qb7 Nc8 24. c5 Qxc5 25. Bd4 Rxd2 26. Bxc5 Rxd1+ 27. Bxd1 dxc5 28. Qb5+ Kd6
29. Bf3 Ne7 30. Qd3+ Nd5 31. h4 h5 32. Be2 Ra8 33. Qg3+ Kd7 34. Bc4 c6 35. Kh2 Ra2
36. Kg1 Ra1+ 37. Kh2 Ra2 38. Kg1 Rd2 39. Qb8 Rd1+ 40. Kh2 Rd4 41. Qa7+ Kd6 42. Qb8+
Kd7 43. Qa7+ Kd6 44. Qb8+ Kd7  1/2-1/2

[Event "Olomouc Chess Summer 2024 - B2"]
[Site "Olomouc (CZE), Hotel Flora"]
[Date "2024.08.11"]
[Round "3"]
[Board "4"]
[White "Delgerdalai, Bayarjavkhlan"]
[Black "Ptacnikova, Lenka"]
[Result "1-0"]
[WhiteElo "2278"]
[BlackElo "2086"]
[PlyCount "89"]
[EventDate "2024.08.10"]
[EventRounds "9"]
[EventCountry "CZE"]

1. e4 d5 2. exd5 Qxd5 3. Nc3 Qd6 4. d4 Nf6 5. Nf3 Nc6 6. Nb5 Qd8 7. Bf4 Nd5 8. Bg3
a6 9. Na3 Nf6 10. c3 e6 11. Nc4 Be7 12. Bd3 Nh5 13. Qc2 h6 14. O-O-O Nxg3 15. hxg3
Qd5 16. Kb1 Bf6 17. g4 g5 18. Rh5 Bg7 19. Qe2 Ne7 20. Be4 Qb5 21. Bd3 Qd5 22. Nfd2
Qd8 23. g3 Nd5 24. Ne5 c6 25. Rhh1 Qc7 26. a3 c5 27. Rhe1 cxd4 28. cxd4 b5 29. Rc1
Qa7 30. Ne4 O-O 31. Nc5 b4 32. a4 Rd8 33. Nc6 Qb6 34. Nxd8 Qxd8 35. Qe4 Ra7 36. Rc4
a5 37. Rd1 Qf6 38. f3 Rc7 39. Rdc1 Qe7 40. f4 b3 41. f5 Qd6 42. fxe6 fxe6 43. Qh7+
Kf8 44. Rf1+ Nf6 45. Ne4  1-0

[Event "Olomouc Chess Summer 2024 - B2"]
[Site "Olomouc (CZE), Hotel Flora"]
[Date "2024.08.11"]
[Round "3"]
[Board "5"]
[White "Leitgeb, Julian"]
[Black "Ihnat, Marek"]
[Result "1-0"]
[WhiteElo "2313"]
[BlackElo "2097"]
[PlyCount "71"]
[EventDate "2024.08.10"]
[EventRounds "9"]
[EventCountry "CZE"]

1. e4 e6 2. d4 d5 3. e5 c5 4. c3 Nc6 5. Nf3 Bd7 6. Be2 Nge7 7. Na3 cxd4 8. cxd4 Ng6
9. Nc2 Rc8 10. O-O Qb6 11. h4 Nb4 12. Nxb4 Qxb4 13. a3 Qb6 14. a4 Bb4 15. h5 Ne7
16. h6 g6 17. Bd2 Nc6 18. Bb5 Be7 19. Bxc6 Rxc6 20. Bg5 Bb4 21. Nh2 Rc4 22. Ng4 Bc6
23. Nf6+ Kf8 24. Be3 Be7 25. b3 Rb4 26. a5 Qb5 27. Bg5 Rxb3 28. a6 bxa6 29. Qd2 Bxf6
30. Bxf6 Rg8 31. Rfc1 Ke8 32. Ra5 Qb7 33. Qa2 Rb6 34. Qa3 Kd7 35. Qd6+ Kc8 36. Rac5
 1-0

[Event "Olomouc Chess Summer 2024 - B2"]
[Site "Olomouc (CZE), Hotel Flora"]
[Date "2024.08.14"]
[Round "6"]
[Board "2"]
[White "Dukic, Zachary"]
[Black "Ihnat, Marek"]
[Result "1-0"]
[WhiteElo "2244"]
[BlackElo "2097"]
[PlyCount "62"]
[EventDate "2024.08.10"]
[EventRounds "9"]
[EventCountry "CZE"]

1. e4 e5 2. Nf3 Nc6 3. Bb5 f5 4. d3 fxe4 5. dxe4 Nf6 6. O-O Bc5 7. Qd3 d6 8. Qc4
a6 9. Bxc6+ bxc6 10. Nxe5 Qe7 11. Nd3 Be6 12. Qa4 O-O 13. Nxc5 dxc5 14. Bg5 h6 15.
Bxf6 Rxf6 16. Nd2 Rd8 17. Qa5 Qd7 18. Nb3 Bh3 19. f3 Rg6 20. Rf2 c4 21. Nc5 Qd1+
22. Qe1 Qd4 23. Kh1 Qxc5 24. gxh3 Qh5 25. Qf1 Kh8 26. Qxc4 Qxh3 27. Qxa6 Rd2 28.
Qf1 Qd7 29. Re1 Qd4 30. Rxd2 Qxd2 31. Qe2 Rg2  1-0

[Event "Olomouc Chess Summer 2024 - B2"]
[Site "Olomouc (CZE), Hotel Flora"]
[Date "2024.08.16"]
[Round "8"]
[Board "1"]
[White "Jurek, Josef"]
[Black "Dukic, Zachary"]
[Result "1/2-1/2"]
[WhiteElo "2191"]
[BlackElo "2244"]
[PlyCount "109"]
[EventDate "2024.08.10"]
[EventRounds "9"]
[EventCountry "CZE"]

1. Nf3 d6 2. d4 Nf6 3. g3 g6 4. b3 Bg7 5. Bb2 b5 6. Bg2 Bb7 7. O-O Nbd7 8. Nbd2 O-O
9. Re1 c5 10. e4 cxd4 11. Nxd4 Qb6 12. a4 a6 13. axb5 axb5 14. Qe2 Rxa1 15. Bxa1
Ra8 16. Nxb5 Ba6 17. c4 Bxb5 18. cxb5 Ra2 19. Bc3 Nxe4 20. Bxg7 Rxd2 21. Qe3 Qxe3
22. fxe3 Kxg7 23. Bxe4 Rb2 24. Rb1 Rxb1+ 25. Bxb1 Kf6 26. Kf2 Ke5 27. b4 d5 28. Ke2
d4 29. Ba2 e6 30. Kd3 dxe3 31. Kxe3 Nb6 32. Kd3 f5 33. Bb3 g5 34. h3 h5 35. Bd1 g4
36. hxg4 hxg4 37. Bb3 Kd6 38. Kd4 e5+ 39. Ke3 Nd5+ 40. Ke2 Nxb4 41. b6 Kc6 42. Kd2
Kd6 43. Ke3 Nc6 44. Ba4 Ne7 45. Kf2 e4 46. Be8 Nd5 47. Bg6 e3+ 48. Kf1 f4 49. Bf7
Nxb6 50. gxf4 g3 51. Bh5 Nd5 52. Kg2 Nxf4+ 53. Kxg3 Nxh5+ 54. Kf3 e2 55. Kxe2  1/2-1/2

[Event "Olomouc Chess Summer 2024 - B2"]
[Site "Olomouc (CZE), Hotel Flora"]
[Date "2024.08.16"]
[Round "8"]
[Board "5"]
[White "Plischki, Sebastian"]
[Black "Delgerdalai, Bayarjavkhlan"]
[Result "1/2-1/2"]
[WhiteElo "2325"]
[BlackElo "2278"]
[PlyCount "132"]
[EventDate "2024.08.10"]
[EventRounds "9"]
[EventCountry "CZE"]

1. Nf3 d5 2. g3 Bg4 3. Bg2 Nd7 4. c4 e6 5. cxd5 exd5 6. O-O Ngf6 7. d3 Bc5 8. Qb3
Bb6 9. Nc3 Nc5 10. Qc2 c6 11. h3 Bxf3 12. Bxf3 Ne6 13. Bg2 O-O 14. Kh2 Re8 15. e3
d4 16. Na4 dxe3 17. Nxb6 Nd4 18. Qc4 e2 19. Re1 axb6 20. Be3 Nf5 21. Rxe2 Nxe3 22.
Rxe3 Rxe3 23. fxe3 Qd6 24. Rf1 Qe5 25. Qf4 Qxf4 26. Rxf4 Rxa2 27. Rb4 b5 28. d4 Ra4
29. Rb3 Kf8 30. g4 h6 31. Kg3 Ke7 32. h4 Kd6 33. g5 hxg5 34. hxg5 Nd7 35. Rd3 Ra2
36. b3 Rc2 37. e4 b4 38. e5+ Ke7 39. Be4 Nb6 40. Kf4 Ke6 41. Bf5+ Ke7 42. Be4 Nd5+
43. Bxd5 cxd5 44. g6 fxg6 45. Rg3 Rc6 46. Rg1 Kd7 47. Rh1 Ke6 48. Rh8 Rc3 49. Rd8
Rc6 50. Kg5 Ra6 51. Kxg6 Ra3 52. Rd6+ Ke7 53. Rxd5 Rxb3 54. Rb5 Ke6 55. Kxg7 Rg3+
56. Kf8 b3 57. Rxb7 Rd3 58. Rb6+ Kd5 59. e6 Rf3+ 60. Ke8 Kxd4 61. Kd7 Re3 62. e7
Rxe7+ 63. Kxe7 Kc3 64. Kd6 b2 65. Kd5 Kc2 66. Rxb2+ Kxb2  1/2-1/2

[Event "Olomouc Chess Summer 2024 - D1"]
[Site "Olomouc (CZE), Hotel Flora"]
[Date "2024.08.10"]
[Round "1"]
[Board "1"]
[White "Kolesar, Milan"]
[Black "Zidu, Jan"]
[Result "1-0"]
[WhiteElo "2110"]
[BlackElo "1910"]
[PlyCount "0"]
[EventDate "2024.08.10"]
[EventRounds "9"]
[EventCountry "CZE"]

1. Nf3 d5 2. d4 Nf6 3. c4 e6 4. Nc3 c6 5. e3 Bd6 6. Bd3 Nbd7 7. O-O O-O 8. e4 dxe4
9. Nxe4 Nxe4 10. Bxe4 Nf6 11. Bc2 Qc7 12. Bg5 Ne8 13. Re1 g6 14. Qd3 Ng7 15. Rad1
Re8 16. Bf6 b6 17. c5 bxc5 18. dxc5 Be7 19. Qc3 Bxf6 20. Qxf6 Ba6 21. Rd6 Bc4 22.
Ne5 Nh5 23. Qh4 Bd5 24. Rd7 Qa5 25. b4 Qxa2 26. Nxf7 Qxc2 27. Nh6+ Kh8 28. Qd4+ e5
29. Rxe5 Qd1+ 30. Qxd1 Rxe5 31. Ng4  1-0

[Event "Olomouc Chess Summer 2024 - D1"]
[Site "Olomouc (CZE), Hotel Flora"]
[Date "2024.08.10"]
[Round "1"]
[Board "2"]
[White "Huncar, Martin"]
[Black "Wiley, Tom E"]
[Result "1/2-1/2"]
[WhiteElo "1899"]
[BlackElo "2107"]
[PlyCount "0"]
[EventDate "2024.08.10"]
[EventRounds "9"]
[EventCountry "CZE"]

1. e4 c5 2. Nc3 Nc6 3. Bb5 Nd4 4. Bc4 e6 5. Nge2 a6 6. Nxd4 cxd4 7. Ne2 b5 8. Bb3
Bb7 9. d3 Bc5 10. O-O Ne7 11. Ng3 Nc6 12. f4 Qh4 13. f5 Bd6 14. fxe6 dxe6 15. Qh5
Qxh5 16. Nxh5 O-O 17. Bf4 Be5 18. Rf2 g6 19. Bxe5 Nxe5 20. Nf6+ Kg7 21. g4 h6 22.
Raf1 Rfd8 23. Kg2 Rac8 24. Kg3 Rc7 25. h4 Re7 26. g5  1/2-1/2